The new golden treasury of songs & lyrics /

Bibliographic Details
Main Author: Rhys, Ernest, 1859-1946
Format: Book
Language:English
Published: London : New York : J. M. Dent & sons, ltd.; E.P.Dutton & co., [1914]
Series:Everyman's library. Poetry and the drama
Subjects:

MARC

Tag First Indicator Second Indicator Subfields
LEADER 00000cam a2200000 4500
001 in00000028367
005 20151007061417.0
008 770726s1914 enk b 00010 eng c
010 |a a 14001637  
035 |a (OCoLC)03140906 
035 |9 AAD2010AM 
040 |a Enoch Pratt Free Libr.  |c SUC  |d SUC  |d TXA  |d UtOrBLW 
049 |a TXAM  |c [8575] 
050 0 |a PR1175  |b .R5 
092 |a 808.1  |b R47n 
100 1 |a Rhys, Ernest,  |d 1859-1946. 
245 1 4 |a The new golden treasury of songs & lyrics /  |c by Ernest Rhys. 
264 1 |a London :  |b J. M. Dent & sons, ltd.;  |a New York :  |b E.P.Dutton & co.,  |c [1914] 
300 |a x, 329 pages ;  |c 17 cm. 
336 |a text  |b txt  |2 rdacontent 
337 |a unmediated  |b n  |2 rdamedia 
338 |a volume  |b nc  |2 rdacarrier 
490 0 |a Everyman's library. Poetry and the drama 
500 |a Title within ornamental border. 
504 |a Bibliography in brief of English lyric anthologies: pages ix-x. 
650 0 |a English poetry. 
999 |a MARS 
999 f f |s a139a2d6-da69-3cd6-9f85-82c455680661  |i 4e5e6e45-9319-3ecd-b147-191864a6d675  |t 0 
952 f f |p normal  |a Texas A&M University  |b College Station  |c Sterling C. Evans Library  |d Evans: Library Stacks  |t 0  |e PR1175 .R5  |h Library of Congress classification  |i unmediated -- volume  |m A14801196827 
998 f f |a PR1175 .R5  |t 0  |l Evans: Library Stacks